000 00861nam a22002297a 4500
005 20260408210252.0
008 260408b |||||||| |||| 00| 0 eng d
020 _a9783319652580
020 _a9783319652597
_q(eBook)
040 _aKABLIB
_cKABLIB
_erda
082 _223
_a338.109
_bMEL
100 _aMellor, John W.
_915781
245 _aAgricultural development and economic transformation :
_bpromoting growth with poverty reduction /
_cJohn W. Mellor
260 _aNew York :
_bPalgrave,
_cc2017
300 _axviii, 259 p. :
_bill. ;
_c24 cm.
440 _aPalgrave Studies In agricultural economics and food policy / Christopher Barrett.
_915782
500 _aIncludes references, index.
650 _aAgricultural development
_915783
650 _aEconomic transformation
_915784
856 _uhttps://doi.org/10.1007/9783319652597
942 _2ddc
_cBOOK
999 _c6204
_d6204